| 000 | 00858nas a2200301 4500 | ||
|---|---|---|---|
| 001 | BR9605332 | ||
| 003 | BR-BrBNA | ||
| 005 | 20231205095826.0 | ||
| 007 | ta | ||
| 008 | 230509b bl.|||p| |||| 00| 00por d | ||
| 040 |
_aBR-BrBNA _bpor _cBiblioteca Nacional de Agricultura |
||
| 041 | _a(Pt) | ||
| 072 | _aQ54 | ||
| 100 | 1 | _aCampos Neto, O. | |
| 100 | 1 | _aRamos, A.A. | |
| 100 | 1 | _aEscobar, M.J. | |
| 100 | 1 | _aDalanesi, J.A. | |
| 100 | 1 | _aBem, C.H.W. de | |
| 245 | 1 | _aAvaliacao da monensina sodica em vacas leiteiras | |
| 650 | _aGado Leiteiro | ||
| 650 | _aAnti-Helmintico | ||
| 650 | _aRacao | ||
| 650 | _aComposicao de Alimento | ||
| 650 | _aProducao Leiteira | ||
| 773 | 0 |
_tScientia Agricola (Brazil) _xISSN 0103-9016 _g(May-Aug 1995), v. 52(2) p. 268-273 _wBR9605332 |
|
| 909 |
_a202311 _bLúcia _c55 _dLúcia Elande |
||
| 942 |
_2AGRIS _n0 _cANA |
||
| 999 |
_c152918 _d152918 |
||